000 00601nam a2200145 a 4500
008 120926s1974 ||||||||||||||||| || u
050 _aKJ 651 PRO
100 _aKrieger, David
245 1 0 _aProceedings: pacem in maribus convocation, Malta 23-26 June 1973
_cedited by David Krieger
260 _aMalta:
_bRoyal University of Malta Press
_c1974
300 _axxi, 382p.
650 _aMARITIME LAW--CONGRESSES
650 _aMARINE RESOURCES--CONGRESSES
995 _aSPECIAL COLLECTIONS
_e500120
_FCBU-DAG HAMMARSKJOLD INSTITUTE LIBRARY
_jDAG KJ 651 PRO
_M1
_UAVAILABLE
_WNov 9, 2012
_y500120
_ZDHIPS Book Collection
999 _c435
_d435